000 00716nam a2200229 i 4500
001 89985
003 ES-MaACL
005 20250511063031.0
007 t|
008 050117s1972 mx ||||1| spa d
100 1 _aLázaro, Ángel,
_9240342
_d1900-1985
_eaut
245 1 0 _aAlejandra, Ludovina y Elvira
_b: trilogía /
_cAngel Lázaro.
260 _aMéxico :
_bFinisterre,
_c1972.
300 _a88 p. ;
_c17 cm.
490 1 _aColección de teatro hispanoamericano
586 _aPremio Internacional de Teatro León Felipe, 1971
830 0 _aColección de teatro hispanoamericano
_9231921
852 _aES-MaACL
_jE-6213
852 _aES-MaACL
_jL-1124
942 _2udc
999 _c89985
_d89985